| 000 | 00622nac a22001811u 4500 | ||
|---|---|---|---|
| 020 | _a8121920140 | ||
| 082 |
_a658.3 _bK454 |
||
| 090 |
_c1123 _d1123 |
||
| 100 | _aKhanka, S.S | ||
| 245 |
_aOrganisational behaviour : _btext and cases / _cS. S. Khanka. |
||
| 250 | _a2nd ed. | ||
| 260 |
_aNew Delhi : _bS Chand & Co.,2005 _c2005. |
||
| 300 |
_a377 p.: _bDiagram, _c24 cm. |
||
| 500 | _aIncludes index. | ||
| 650 | _aOrganizational behavior. | ||
| 942 |
_cBB _k658.3K454 |
||
| 999 |
_c1123 _d1123 |
||